000 00777nam a22002057a 4500
008 250613b |||||||| |||| 00| 0 eng d
020 _a9781107664463
040 _aCUZ
_beng
_crda
_dCUZ
_erda
050 _aBL245.B7BRO
100 _aJohn Hedley Brooke
245 _aScience and Religion:
_bSome historical perspectives
_cby John Hedley Brooke
264 _aUK
_bCambridge university press
_c©1991
300 _aextent x,566pages
336 _atext
_btxt
337 _aunmediated
_bn
338 _2rdacarrier
500 _aincludes bibliographical reference
650 _ainteraction between science and Religion
_aThe parallel between scientific and religious reform
_ascience and religion in the enlightenment
942 _cOS
_i245.B7
_kBL
999 _c45140
_d45140